| 000 | 01952nam a2200421Ia 4500 | ||
|---|---|---|---|
| 001 | ebr10620484 | ||
| 003 | CaPaEBR | ||
| 006 | m u | ||
| 007 | cr cn||||||||| | ||
| 008 | 120731s2012 sz sb 101 0 eng d | ||
| 010 | _z 2012030869 | ||
| 020 | _z9783034307925 (alk. paper) | ||
| 020 | _z9783035303735 | ||
| 040 |
_aCaPaEBR _cCaPaEBR |
||
| 035 | _a(OCoLC)820815267 | ||
| 050 | 1 | 4 |
_aDA959 _b.I66 2012eb |
| 082 | 0 | 4 |
_a362.88 _223 |
| 245 | 0 | 0 |
_aIreland and victims _h[electronic resource] : _bconfronting the past, forging the future / _cLesley Lelourec and Gr�ainne O'Keeffe-Vigneron (eds). |
| 260 |
_aBern ; _aNew York : _bPeter Lang, _c2012. |
||
| 300 | _axii, 319 p. | ||
| 490 | 0 |
_aReimagining Ireland ; _v45 |
|
| 500 | _aPapers from an international conference organized by the Centre for Irish Studies at the University of Rennes 2 in September 2010, to debate the complex and sensitive issue of victimhood as it relates to Ireland. | ||
| 504 | _aIncludes bibliographical references and index. | ||
| 533 |
_aElectronic reproduction. _bPalo Alto, Calif. : _cebrary, _d2011. _nAvailable via World Wide Web. _nAccess may be limited to ebrary affiliated libraries. |
||
| 650 | 0 |
_aVictims _zIreland _vCongresses. |
|
| 650 | 0 |
_aVictims _zNorthern Ireland _vCongresses. |
|
| 650 | 0 |
_aPolitical violence _zNorthern Ireland _vCongresses. |
|
| 650 | 0 |
_aReformatories _zIreland _vCongresses. |
|
| 650 | 0 |
_aAbused children _zIreland _vCongresses. |
|
| 650 | 0 |
_aNational characteristics, Irish _vCongresses. |
|
| 651 | 0 |
_aIreland _xSocial conditions _y20th century _vCongresses. |
|
| 651 | 0 |
_aNorthern Ireland _xSocial conditions _y20th century _vCongresses. |
|
| 655 | 7 |
_aElectronic books. _2local |
|
| 700 | 1 | _aLelourec, Lesley. | |
| 700 | 1 | _aO'Keeffe-Vigneron, Grainne. | |
| 710 | 2 | _aebrary, Inc. | |
| 856 | 4 | 0 |
_uhttp://site.ebrary.com/lib/rucke/Doc?id=10620484 _zAn electronic book accessible through the World Wide Web; click to view |
| 999 |
_c53333 _d53333 |
||